1908 1263 1455 1788 1262 1868 1008 1094 1442 1271 1666 1048 1669 1814 1719 1805 1037 1005 1439 1582 1393 1081 1312 1050 1407 1475 1420 1080 1612 1727 1565 1957 1599 1094 1755 1739 1125 1550 1996 1191 1922 1476 1189 1430 1450 1130 1689 1616 1048 1326 1387 1952 1886 1950 1101 1284 1807 1364 1316 1797 1951 1781 1014 1928 1108 1867 1319 1007 1320 1085 1098 1445 1130 1902 1603 1212 1626 1194 1390 1704 1375 1994 1389 1899 1959 1131 1353 1963 1386 1930 1562 1544 1135 1828 1860 1022 1100 1929 1016 BCNSPRNW ULIB Ver.6.0+V

เปลี่ยนเป็นภาษาไทย

Change to English
 แสดงรายละเอียดบรรณานุกรม
  กลับหน้าหลัก

Brief Record : Get Marc (ISO 2709) : E-mail record : QR code < ปิดหน้าต่าง
LEADER : 00000nam 2200000uu 4500
001    13399127646
003     ULIB
008    210311s||||||||th 000 0 tha d
020 ^^ ^a9786160030880
050 ^^ ^aนว^bอ732บ
100 ^^ ^aอินเอวา
245 ^^ ^aบุพเพร้อยร้าย/^cอินเอวา
250    ^aพิมพ์ครั้งที่ 4
260 ^^ ^aกรุงเทพฯ : ^bSugar Beat, ^c2563
300 ^^ ^a456 หน้า ; ^c21 ซม.
650 ^^ ^aนวนิยาย^zไทย
655 ^^ ^aนิยายรัก
945    ^p320^l0^i007995
999    ^aประนอม เกษจรัล
รายการนี้ยังไม่มีแท็ก
คุณยังไม่ได้ล็อกอิน คุณสามารถมีกิจกรรมร่วมกับเว็บไซต์ได้ แต่ต้องล็อกอินก่อน ::
  ล็อกอิน

รายการสื่อสารสนเทศ

ลำดับที่ ประเภท เลขเรียก/บาร์โค้ด สถานที่ สถานะ
1. นวนิยาย
นวนิยาย
นว อ732บ ฉ.1 
  Barcode: 007995
ห้องสมุดวิทยาเขตสวรรค์ประชารักษ์
►หนังสือทั่วไป
บนชั้น

รายการใกล้เคียง
    ผู้แต่ง [อินเอวา]

BibComment


ยังไม่เคยถูกคอมเมนท์

คอมเมนท์ทรัพยากรรายการนี้
  คอมเมนท์: บุพเพร้อยร้าย อิ..


 Copyright 2026. Bcnsprnw @Library